| 000 | 00393nam a22001571a 4500 | ||
|---|---|---|---|
| 020 | _a9781861348593 | ||
| 082 |
_a170 _bTON/A |
||
| 100 | _aTony Fitzpatrick | ||
| 245 |
_aApplied ethics and social problems/ _cby Tony Fitzpatrick |
||
| 260 |
_aBristol: _bPolicy Press, _c2008. |
||
| 300 | _a273p. | ||
| 650 | _aPsychology | ||
| 650 | _aEthics Social Problems | ||
| 650 | _aEthics | ||
| 942 | _cBK | ||
| 999 |
_c2651 _d2651 |
||